Noa'hs Ark
| Main Author: | |
|---|---|
| Format: | Book |
| Published: |
England :
Ladybird Books ,
19-
|
| Series: | Ladybird bible stories
|
| Subjects: |
MARC
| LEADER | 00000cam a2200000 7i4500 | ||
|---|---|---|---|
| 001 | 0000003238 | ||
| 002 | 000003495 | ||
| 005 | 20000330.0 | ||
| 020 | |a 0721495176 | ||
| 090 | 0 | 0 | |a JF |b MUR |
| 100 | 1 | |a Murdock, Hy | |
| 245 | 1 | 0 | |a Noa'hs Ark |c Hy Murdock illustrated by Lynn N Grundy |
| 260 | |a England : |b Ladybird Books , |c 19- | ||
| 300 | |a 26p. : |b ill ; |c 18cm. | ||
| 490 | 0 | |a Ladybird bible stories | |
| 650 | 0 | 0 | |a Children's stories |
| 999 | |a 035707 |b BUKU |c JUNIOR FICTION |e PERPUSTAKAAN KOMUNITI PETALING JAYA | ||